03099namaa2200457uu 4500001001000000003000600010005001700016006001900033007001500052008004100067020001800108020003800126024005100164040001700215041000800232042000700240072001600247720002300263245006200286260004200348300002200390336002600412337002600438338003600464506005100500520151800551540006302069546001202132650002502144653011702169720002302286720003002309720003002339720002802369720002802397720002302425720002302448720002702471720002702498856011602525doab70854oapen20260305123950.0m o d cr|mn|---annan210618s2016 xx |||||o ||| 0|eng d a9780198754855 aacprof:oso/9780198754855.001.00017 a10.1093/acprof:oso/9780198754855.001.00012doi aoapencoapen0 aeng adc 7aPSB2bicssc1 aClarke, Steve4edt00aThe Ethics of Human EnhancementbUnderstanding the Debate aOxfordbOxford University Pressc2016 a1 online resource atextbtxt2rdacontent acomputerbc2rdamedia aonline resourcebcr2rdacarrier0 aFree-to-readfUnrestricted online access2star aWe humans can enhance some of our mental and physical abilities above the normal upper limits for our species with the use of particular drug therapies and medical procedures. We will be able to enhance many more of our abilities and be able to do so in more ways in the not-too-distant future. Some commentators have welcomed the prospect of human enhancement technologies becoming widely used, while others have viewed it with alarm and have made clear that they find human enhancement morally objectionable. Unfortunately the debate over the ethics of human enhancement appears to have reached an impasse, with proponents and opponents of human enhancement drawing on different intellectual traditions, relying on different methodologies and 'talking past one another'. In order to move this debate forward, we need either to find new ways of understanding the current debate or to develop new ways of thinking about the ethics of human enhancement. In this volume leading philosophers and bioethicists invite us to adopt new ways to think about the ongoing debate, either by drawing on work in psychology that helps to explain common reactions to the prospect of human enhancement or by finding points of comparison between the current debate about the ethics of human enhancement and other academic debates, such as the debate about justice for people with disabilities. Other contributors offer original lines of argument about the ethics of human enhancement and seek to take that debate in new directions. aAll rights reserveduhttp://oapen.org/content/about-rights aEnglish 7aBiochemistry2bicssc adrug therapies, intellectual traditions, bioethicists, philosophers, human enhancement, people with disabilities1 aClarke, Steve4oth1 aCoady, C.A.J. (Tony)4edt1 aCoady, C.A.J. (Tony)4oth1 aGiubilini, Alberto4edt1 aGiubilini, Alberto4oth1 aSanyal, Sagar4edt1 aSanyal, Sagar4oth1 aSavulescu, Julian4edt1 aSavulescu, Julian4oth40uhttps://directory.doabooks.org/handle/20.500.12854/7085470zFree-to-read: DOAB: description of the publication